Význam bezpečnosti produktov pri spotrebiteľskom rozhodovaní diplomová práca

Enregistré dans:
Détails bibliographiques
Auteur principal: Čillíková, Adriana
Collectivité auteur: Obchodná fakulta EU. Katedra tovaroznalectva a kvality tovaru
Autres auteurs: Lacková, Alica
Format: Livre
Langue:slovaque
Publié: Bratislava 2019
Tags: Ajouter un tag
Pas de tags, Soyez le premier à ajouter un tag!

MARC

LEADER 00000nbm a2200000 4500
001 0254074
005 20191029140144.3
041 0 |a slo 
044 |a SK 
245 1 0 |a Význam bezpečnosti produktov pri spotrebiteľskom rozhodovaní  |b diplomová práca  |c Adriana Čillíková ; školiteľ: Alica Lacková 
264 1 |a Bratislava  |c 2019 
300 |a 70 s. 
100 1 |a Čillíková, Adriana 
700 1 |a Lacková, Alica 
710 2 |a Obchodná fakulta EU. Katedra tovaroznalectva a kvality tovaru